Countries A-Z with the Most Languages - Statistics

General Stats
  • This quiz has been taken 52 times
  • The average score is 20 of 24
Answer Stats
Letter # of living languages Country % Correct
U 335 United States
98%
O 31 Oman
96%
Q 18 Qatar
96%
I 709 Indonesia
94%
Y 17 Yemen
94%
Z 55 Zambia
94%
R 159 Russia
90%
F 73 France
88%
J 19 Japan
88%
K 72 Kenya
88%
P 840 Papua New Guinea
88%
B 228 Brazil
84%
C 305 China
82%
H 21 Hungary
82%
A 319 Australia
80%
M 292 Mexico
80%
D 214 Democratic Republic of the Congo
78%
E 91 Ethiopia
78%
V 116 Vanuatu
78%
L 92 Laos
76%
N 532 Nigeria
73%
G 87 Ghana
65%
T 126 Tanzania
63%
S 76 Sudan
59%
No matching quizzes found
Score Distribution
Percent of People with Each Score
Percentile by Number Answered
Your Score History
You have not taken this quiz